[Event "POR-chT"]
[Site "Caldas da Rainha"]
[Date "2014.08.17"]
[Round "1.1"]
[White "Gonzalez Perez, Arian"]
[Black "Figuero Toro, Julian Francisco"]
[Result "1/2-1/2"]
[WhiteElo "2480"]
[BlackElo "2220"]
[PlyCount "124"]
[EventDate "2014.08.17"]
[EventType "team-tourn"]
[EventRounds "9"]
[EventCountry "POR"]
[SourceTitle "CBM 161 Extra"]
[Source "ChessBase"]
[SourceDate "2014.08.29"]
[SourceVersion "1"]
[SourceVersionDate "2014.08.29"]
[SourceQuality "1"]
[WhiteTeam "Dias Ferreira"]
[BlackTeam "Montemor o Velho"]
[WhiteTeamCountry "POR"]
[BlackTeamCountry "POR"]

1. e4 g6 2. d4 Bg7 3. Nc3 c5 4. Nf3 cxd4 5. Nxd4 Nc6 6. Nb3 Bxc3+ 7. bxc3 Nf6 8. Bd3 d5 9. exd5 Qxd5 10. 0-0 Bf5 11. c4 Qd7 12. Nc5 Qc8 13. Bh6 Ng4 14. Bg7 Qc7 15. g3 Rg8 16. Bxf5 gxf5 17. Bc3 Nce5 18. Qd5 Rc8 19. Nxb7 Qxc4 20. Rad1 Qxd5 21. Rxd5 f6 22. Rc5 Kf7 23. h3 Nf3+ 24. Kg2 Nge5 25. Rd1 Rxc5 26. Nxc5 Rc8 27. Bb4 a5 28. Ba3 Nc4 29. Kxf3 Nxa3 30. Nb7 Rxc2 31. Nxa5 Rxa2 32. Nc6 Rc2 33. Nd8+ Ke8 34. Ne6 Rc3+ 35. Kf4 Kf7 36. Kxf5 Rf3+ 37. Kg4 Rxf2 38. Nd8+ Ke8 39. Ne6 Kf7 40. Nd8+ Kg6 41. Nc6 e5 42. Ne7+ Kf7 43. Rd7 Ke6 44. Rb7 Nc4 45. Ng8 Ne3+ 46. Kh5 Nd5 47. Nh6 Rf3 48. Kg4 e4 49. Rxh7 f5+ 50. Kh4 e3 51. Nf7 Rf1 52. Ng5+ Kd6 53. Rh6+ Ke5 54. Re6+ Kd4 55. Re8 Kd3 56. Rd8 Kc4 57. Re8 Kd3 58. Rd8 Kd4 59. Ne6+ Ke5 60. Ng5 Kd4 61. Ne6+ Ke5 62. Ng5 Kd4 1/2-1/2